| 000 | 01521nam a2200337 c 4500 | ||
|---|---|---|---|
| 003 | BLK | ||
| 005 | 20180422115441.0 | ||
| 008 | 180411b bul|||||r ||||||| ||bul|| | ||
| 010 | _aKNG00194989000 | ||
| 040 | _aBLK | ||
| 041 |
_aBUL _cBUL |
||
| 080 |
_aЛитературна естетика. Философия на литературата _b82.01 _x _z82.01 |
||
| 080 |
_aЛитературна критика _b82.09 _x _z82.09 |
||
| 100 | 1 |
_aМарков, Георги Митрев _eпърви автор _9369427 |
|
| 139 |
_aМарков, Георги Митрев _bМ 32 |
||
| 245 | 1 | 0 |
_aБитка за литературни принципи _b[Литературнокрит. очерци] _cГеорги Митрев Марков. |
| 257 | _aBGR | ||
| 260 |
_аСофия _bБълг. писател _c1987 _fВ. Търново : Д. Найденов |
||
| 300 |
_a304 с., 1 л. _bпортр. _c21 см |
||
| 380 | _a82 | ||
| 500 | _a1 406 тир. - В библиогр. каре означено Избрани произведения. - Библиогр. под линия | ||
| 650 | 4 |
_aЛитературна критика, българска _9241943 |
|
| 650 | 4 |
_aЛитература - теория и естетика _9241540 |
|
| 653 | _aлитературна критика | ||
| 653 | _aлитературна теория | ||
| 852 | _aЦб 145365 | ||
| 856 | 4 |
_qpdf _u |
|
| 856 | 4 |
_qpdf _u |
|
| 942 |
_cKNG _n0 |
||
| 944 |
_aCR _c02.11.2016 _kВаля_Йорданова |
||
| 944 |
_aED _c02.11.2016 _kВаля_Йорданова |
||
| 999 |
_c185995 _d185995 |
||